| 000 | 00760nac a22002171u 4500 | ||
|---|---|---|---|
| 010 | _a 92006638 | ||
| 020 | _a0070455597 : | ||
| 020 | _a007112716* | ||
| 082 | 0 | 0 |
_a330 _bM1295 |
| 090 |
_c4355 _d4355 |
||
| 100 | _aMcConnell, Campbell R. | ||
| 245 | 1 | 0 |
_aEconomics : _bprinciples, problems, and policies / _cCampbell R. McConnell, Stanley R. Brue. |
| 250 | _a12th ed. | ||
| 260 |
_aNew York : _bMcGraw-Hill, _cc1993. |
||
| 300 |
_a1 v. (various pagings) : _bcol. ill. ; _c26 cm. |
||
| 504 | _aIncludes bibliographical references and index. | ||
| 650 | 0 | _aEconomics. | |
| 700 | 1 |
_aBrue, Stanley L., _d1945- |
|
| 942 |
_cBB _k330M1295 |
||
| 999 |
_c4355 _d4355 |
||